000 00691nam a2200205 i 4500
001 182330
003 ES-MaACL
005 20250902185657.0
008 130805s1985 sp |||| | spa d
080 _a821.134.2(899)-1"19"(082.2)
245 0 0 _aPoesía uruguaya contemporánea
_b: una muetra /
_cCastro Vega... [et al.] ; edición coordinada por Jorge F. Fernández.
260 _aTerrassa :
_bMirall de Glaç,
_c[1985]
300 _a[20 p.] ;
_c21 cm.
650 0 _aPoesia uruguaya-
_9235791
_ys.XX
700 1 _aCastro Vega, Jorge,
_d1963-
_9153156
700 1 _aFernández, Jorge F.
_9153157
852 4 _aES-MaACL
_j2317-F-32
942 _2udc
999 _c182330
_d182330